| 000 | 00614nam a2200217Ia 4500 | ||
|---|---|---|---|
| 005 | 20230805104939.0 | ||
| 008 | 131103s9999 xx 000 0 und d | ||
| 020 | _a521529948 | ||
| 040 | _aLoreto College | ||
| 041 | _aEnglish | ||
| 082 |
_a909 _bHUF |
||
| 100 | _aHuff, Toby E. | ||
| 245 | 4 |
_aThe rise of early modern science _b Islam, China and the West _cToby E. Huff |
|
| 250 | _a2nd ed | ||
| 260 |
_aCambridge _bCambridge University Press _c2003 |
||
| 300 |
_axx,425p _b ill |
||
| 504 | _aIncludes bibliographical references and index | ||
| 650 | _aScience, History | ||
| 850 | _aLCLIB | ||
| 942 | _cBK | ||
| 999 |
_c15105 _d65584 |
||